| 000 | 00757cam a2200265 4500 | ||
|---|---|---|---|
| 008 | 090401t1994 xxu||||| |||| 00| 0 eng d | ||
| 020 | _a0406016488 | ||
| 035 | _a(Sirsi) u14873 | ||
| 041 | _aeng | ||
| 050 | _a657.833 | ||
| 100 | _aChidgey, P. | ||
| 245 | _aAccounts and audit of property companies. | ||
| 260 |
_aLondon _bButterworths _c1994 |
||
| 300 | _axviii,220p. ; 25cm. | ||
| 350 | _a40 | ||
| 520 | _aThe authors are partners at Stoy Hayward. | ||
| 650 | _aMANAGEMENT-BUSINESS MANAGEMENT-FINANCIAL MANAGEMENT-ACCOUNTING | ||
| 650 | _aAUDITING | ||
| 650 | _aPROPERTY COMPANIES | ||
| 690 | _aPROPERTY-PROPERTY FINANCE AND INVESTMENT | ||
| 700 | _aBevan, Simon | ||
| 710 |
_aStoy Hayward _91646 |
||
| 942 | _n0 | ||
| 948 | _c04/03/1997 | ||
| 999 |
_c87221 _d87221 |
||